| 000 | 01526nam a22003377a 4500 | ||
|---|---|---|---|
| 005 | 20120521111131.0 | ||
| 008 | 120521t xxu||||| |||| 00| 0 eng d | ||
| 010 | _aENG-105365 | ||
| 020 |
_a9788124605936 _c700.00 |
||
| 020 |
_a8124605939 _c700.00 |
||
| 035 | _aEN-88898 | ||
| 037 | _bDBAD/PUB | ||
| 040 |
_aDPL _bEng |
||
| 082 | _a306.850954 | ||
| 100 | _947159 | ||
| 240 |
_aSelections _lPolyglot. |
||
| 245 |
_aIndian family system : _bthe concept, practices, and current relevance / _cedited by Bal Ram Singh |
||
| 260 |
_aNew Delhi _bCenter for Indic Studies, University of Massachusetts and D.K. Printworld, New Delhi _c2011 |
||
| 270 |
_a'Srikunj', F-52, Bali Nagar, Ramesh Nagar Metro Station _bNew Delhi _e110015 |
||
| 300 |
_ax, 251 p., [27] p. of plates : _c23cm(Hb) _bill. (chiefly col.), map |
||
| 500 | _aIncludes bibliographical references and index. | ||
| 520 | _aProceedings of the Symposium on the Indian Family System. | ||
| 546 |
_aIncludes verses in Sanskrit _b(Devanagari and roman). |
||
| 650 |
_aFamilies _z India _947536 _vCongresses. |
||
| 650 |
_aJoint families _z India _vCongresses. _947539 |
||
| 650 |
_aHindu civilization _vCongresses. _947540 |
||
| 700 |
_a Bal Ram Singh _947541 |
||
| 710 |
_aUniversity of Massachusetts Dartmouth _bCenter for Indic Studies. _947542 |
||
| 942 |
_2ddc _cEN _mIND _h306.850954 |
||
| 999 |
_c66937 _d66937 |
||